| 000 | 01169nam a2200313 i 4500 | ||
|---|---|---|---|
| 003 | EG-GICUC | ||
| 005 | 20260504083752.0 | ||
| 008 | 260504s1993 ua fr|||| 00| 0 ara d | ||
| 040 |
_a EG-GICUC _bara _c EG-GICUC _d EG-GICUC _erda |
||
| 041 | 0 | _aara | |
| 082 | 0 | 4 |
_221 _a345.2 _bر م . أ |
| 092 | 0 | 4 | _221 |
| 099 | _aLaw1 07 345.2 ر م . أ 1993 | ||
| 100 | 0 |
_aرمضان محمد بطيخ _eمؤلف. |
|
| 245 | 1 | 0 |
_aأصول التنظيم الإداري في النظم الوضعية والإسلامية / _cدكتور رمضان محمد بطيخ. |
| 264 | 1 |
_a القاهرة : _b دار النهضة العربية، _c 1993. |
|
| 300 |
_a417؛ صفحة _c24 سم |
||
| 336 |
_2rda content _atext |
||
| 337 |
_2rda media _aComputer |
||
| 338 |
_2rda carrier _aOnline Resource |
||
| 504 | _aيشتمل على إرجاعات ببليوجرافية وكشاف. | ||
| 546 | _aالنص باللغة العربية | ||
| 650 | 1 |
_aالقانون الإداري _2qrmak |
|
| 650 | 1 | _aالتنظيم الإداري | |
| 651 | 1 | _2qrmak | |
| 856 | 4 | 0 | _uhttps://fll.law.cu.edu.eg/fulltext/bks/B07-05333.pdf |
| 905 | _a167 | ||
| 942 |
_2ddc _cBK _e21 _n0 |
||
| 999 |
_c75419 _d75419 |
||